Fr. Conceicao Rodrigues College of Engineering

Practical AI for cyber security (Record no. 35993)

MARC details
000 -LEADER
fixed length control field 00376 a2200169 4500
003 - CONTROL NUMBER IDENTIFIER
control field OSt
005 - DATE AND TIME OF LATEST TRANSACTION
control field 20231213111405.0
008 - FIXED-LENGTH DATA ELEMENTS--GENERAL INFORMATION
fixed length control field 231213b |||||||| |||| 00| 0 eng d
020 ## - INTERNATIONAL STANDARD BOOK NUMBER
International Standard Book Number 9781032605258
040 ## - CATALOGING SOURCE
Transcribing agency
082 ## - DEWEY DECIMAL CLASSIFICATION NUMBER
Classification number 005.8/RAV
100 ## - MAIN ENTRY--PERSONAL NAME
Personal name Ravi Das
9 (RLIN) 107
245 ## - TITLE STATEMENT
Title Practical AI for cyber security
260 ## - PUBLICATION, DISTRIBUTION, ETC.
Name of publisher, distributor, etc. CRC
Date of publication, distribution, etc. 2023
264 ## - PRODUCTION, PUBLICATION, DISTRIBUTION, MANUFACTURE, AND COPYRIGHT NOTICE
Name of producer, publisher, distributor, manufacturer CRC
942 ## - ADDED ENTRY ELEMENTS (KOHA)
Source of classification or shelving scheme Dewey Decimal Classification
Koha item type BOOK

No items available.